| 000 | 01253nam a22002297a 4500 | ||
|---|---|---|---|
| 999 |
_c7118 _d7118 |
||
| 003 | DO-SdBJH | ||
| 005 | 20221011174230.0 | ||
| 008 | 221011b ||||| |||| 00| 0 spa d | ||
| 040 |
_aDO-SdBJH _bspa _cDO-SdBJH |
||
| 090 |
_aTG EGAEE _b01842 2020 |
||
| 100 | 1 |
_aOlaverría Sena, Wally _esustentante |
|
| 245 | 1 | 0 |
_aImpacto de la inmigración irregular haitiana en la seguridad sanitaria en la Provincia Dajabón, período 2018-2019 / _c Wally Olaverría Sena, asesores Miriam Castillo, Rafael Antonio Quezada Pérez |
| 260 |
_aSanto Domingo : _bINSUDE, _c2020 |
||
| 300 | _aiii, 92 páginas | ||
| 502 | _aTesis (Maestría en Defensa y Seguridad Nacional) -- Instituto Superior para la Defensa (INSUDE). Instituto de Graduados en Altos Estudios Estratégico, 2020 | ||
| 504 | _a Incluye referencias bibliográficas e índices | ||
| 505 | _aSeguridad sanitaria. -- Antecedentes históricos que fomentar la inmigración haitiana en Republica Dominicana. -- Características socio económicas de la Provincia de Dajabón | ||
| 700 | 1 |
_aCastillo, Miriam _easesor |
|
| 700 | 1 |
_a Quezada Pérez, Rafael Antonio _easesor |
|
| 830 | _aINSUDE. Instituto de Graduados en Altos Estudios Estratégico. Tesis y disertaciones académicas | ||
| 942 |
_2CL _cT |
||